<?xml version="1.0" encoding="UTF-8"?>
<collection xmlns="http://www.loc.gov/MARC21/slim">
 <record>
  <leader>00559nas a22001211  4500</leader>
  <controlfield tag="001">1/50692</controlfield>
  <controlfield tag="008">931021s        gr                  gre d</controlfield>
  <datafield tag="035" ind1=" " ind2=" ">
   <subfield code="l">22950</subfield>
  </datafield>
  <datafield tag="245" ind1="0" ind2="0">
   <subfield code="a">ΟΡΓΑΝΩΣΗ ΚΑΙ ΟΙΚΟΝΟΜΙΑ:</subfield>
   <subfield code="b">Επιθεώρηση προβληματισμού γιά την οργάνωση και διοίκηση .-Μηνιαίο.-</subfield>
  </datafield>
  <datafield tag="260" ind1=" " ind2=" ">
   <subfield code="a">Αθήνα :</subfield>
   <subfield code="b">Organopublica</subfield>
  </datafield>
  <datafield tag="500" ind1=" " ind2=" ">
   <subfield code="a">1982-83(Β),1985(Β),1986-87(Β)</subfield>
  </datafield>
  <datafield tag="650" ind1=" " ind2="4">
   <subfield code="a">Οικονομική</subfield>
   <subfield code="v">Περιοδικά.</subfield>
  </datafield>
  <datafield tag="650" ind1=" " ind2="4">
   <subfield code="a">Διοίκηση και οργάνωση</subfield>
   <subfield code="v">Περιοδικά.</subfield>
  </datafield>
 </record>
</collection>
